000 00938nam a2200289 i 4500
003 EG-GICUC
005 20260501202851.0
008 260501s1979 it ||||fr|||| 00| 0 ita d
040 _aEG-GiCUC
_beng
_cEG-GiCUC
_dEG-GiCUC
_eRda
041 _aita
082 0 4 _221
_a343.3192
_bPA . I
092 0 4 _221
099 _aLaw1 10 343.3192 PA . I 1979
100 1 _aPasini,Dino
_eAuthor.
245 _aI Diritti Dell’uomo:
_bSaggi Di Filosofia Politico-giuridica/
_cDino Pasini.
264 1 _aNapoli:
_bCasa Editrice Dott. Eugenio Jovene,
_c1979.
300 _a189 page ;
_c 24 cm.
336 _2rda contenu
_a texte
337 _2rda medias
_aOrdinateur
338 _2 transporteur rda
_a Ressource en ligne
546 _a Text in Italian
650 1 _aDiritto penale
650 1 _aDiritti Individuali e Procedure Penali
856 4 0 _uhttps://fll.law.cu.edu.eg/fulltext/bks/B10-11288.pdf
905 _a59
942 _2ddc
_n0
_cBK
_e21
999 _c74667
_d74667